000 00515nam a22001697a 4500
003 OSt
005 20251217074226.0
008 251217b |||||||| |||| 00| 0 eng d
020 _a971-542-351-5.
040 _aDWCL-Main lib.
_cOC
082 _aFil. 899.211 S236k 2002
100 _aQuindazo-Santiago, Lilia
245 _aAng kaulayaw ng agila/
_c Llia Quindazo-Santiago
260 _aQ.C.:
_b University of the Philippines Press,
_cc2002.
300 _a161 p. ;
_c23 cm.
942 _2ddc
_cBK - FIL
_hFil.
_n0
999 _c7186
_d7186